| 000 | 00000nam 2200000zi 4500 |
| 001 | 9.868411 |
| 003 | CaOODSP |
| 005 | 20221107162600 |
| 007 | cr ||||||||||| |
| 008 | 190215s1985 quca |o| f00| 0 fre d |
| 040 | |aCaOODSP|bfre|erda|cCaOODSP |
| 041 | |afre|aeng |
| 043 | |an-cn-qu |
| 086 | 1 |aEn73-4/39-PDF |
| 100 | 1 |aChampagne, Johanne, |eauteur. |
| 245 | 10|aMilieux humides de la région de Montréal 1966-1981 / |cpar Johanne Champagne et Michel Melançon = Wetlands in the Montreal Region, 1966-1981 / by Johanne Champagne and Michel Melançon. |
| 246 | 31|aWetlands in the Montreal Region, 1966-1981 |
| 264 | 1|aQuebec : |bDirection générale des terres, Environnement Canada = Lands Directorate, Environment Canada, |c1985. |
| 300 | |a1 ressource en ligne (28 pages en pagination multiple) : |billustrations. |
| 336 | |atexte|btxt|2rdacontent/fre |
| 337 | |ainformatique|bc|2rdamedia/fre |
| 338 | |aressource en ligne|bcr|2rdacarrier/fre |
| 490 | 1 |aDocument de travail ; |vno. 39 = |aWorking paper ; |vno. 39 |
| 500 | |a« Octobre 1985. » |
| 500 | |aÉdition numérisée de l’imprimé [par Environnement et Changement climatique Canada]. |
| 500 | |aProgramme de surveillance de l'utilisation des terres au Canada. |
| 504 | |aComprend des références bibliographiques. |
| 520 | 3 |a« La présente étude a été réalisée par la Direction générale des terres d'Environnement Canada dans le cadre de son programme de surveillance de l'utilisation des terres au Canada »--Résumé. |
| 546 | |aTexte en anglais et en français en deux colonnes. |
| 692 | 07|2gccst|aZone humide |
| 700 | 1 |aMelançon, Michel, |d1953- |eauteur. |
| 710 | 1 |aCanada. |bEnvironnement Canada. |
| 710 | 1 |aCanada.|bDirection générale des terres.|bRégion du Québec. |
| 791 | |tMilieux humides de la région de Montréal 1966-1981 / |eeng|w(CaOODSP)9.868395 |
| 830 | #0|aDocument de travail (Canada. Direction générale des terres)|vno. 39|w(CaOODSP)9.830995 |
| 856 | 40|qPDF|s2.94 Mo|uhttps://publications.gc.ca/collections/collection_2019/eccc/en73-4/En73-4-39.pdf |